LEADER 00939cam0 2200265 450 001 E600200032505 005 20210920090111.0 100 $a20071217d1971 |||||ita|0103 ba 101 $aita 102 $aIT 200 1 $aFrancesco De Sanctis e Giuseppe Mazzini$fNino Cortese 210 $aNapoli$c[s.n].$d1971$eNapoli$gGlaux 215 $a25 p.$d24 cm 225 2 $aCentro Napoletano di Studi Mazziniani$v29 410 1$1001LAEC00022844$12001 $a*Centro Napoletano di Studi Mazziniani$v29 700 1$aCortese$b, Nino$3A600200026056$4070$039717 801 0$aIT$bUNISOB$c20210920$gRICA 850 $aUNISOB 852 $aUNISOB$j900|Opusc$m13719 912 $aE600200032505 940 $aM 102 Monografia moderna SBN 941 $aM 957 $a900|Opusc$b000066$gSi$d13719$racquisto$1pregresso2$2UNISOB$3UNISOB$420071217085618.0$520210920090111.0$6rovito 996 $aFrancesco De Sanctis e Giuseppe Mazzini$91687891 997 $aUNISOB LEADER 01789nam 2200481Ia 450 001 9910702003703321 005 20120911105653.0 035 $a(CKB)5470000002424096 035 $a(OCoLC)809656201 035 $a(EXLCZ)995470000002424096 100 $a20120911d2012 ua 0 101 0 $aeng 135 $aurbn||||||||| 181 $ctxt$2rdacontent 182 $cc$2rdamedia 183 $acr$2rdacarrier 200 00$aAnalytic and computational perspectives of multi-scale theory for homogeneous, laminated composite, and sandwich beams and plates$b[electronic resource] /$fAlexander Tessler ... [and others] 210 1$aHampton, Va. :$cNational Aeronautics and Space Administration, Langley Research Center,$d[2012] 215 $a1 online resource (19 pages) $cillustrations 225 1 $aNASA/TP ;$v2012-217573 300 $aTitle from title screen (viewed on Sept. 12, 2012). 300 $a"May 2012." 320 $aIncludes bibliographical references (pages 18-19). 606 $aComposite structures$2nasat 606 $aLaminates$2nasat 606 $aSandwich structures$2nasat 606 $aShear stress$2nasat 606 $aComputational mechanics$2nasat 606 $aFinite element method$2nasat 615 7$aComposite structures. 615 7$aLaminates. 615 7$aSandwich structures. 615 7$aShear stress. 615 7$aComputational mechanics. 615 7$aFinite element method. 701 $aTessler$b Alexander$01413985 712 02$aLangley Research Center. 801 0$bGPO 801 1$bGPO 906 $aBOOK 912 $a9910702003703321 996 $aAnalytic and computational perspectives of multi-scale theory for homogeneous, laminated composite, and sandwich beams and plates$93511848 997 $aUNINA